MARC details
| 000 -LEADER |
| fixed length control field |
01624cam a2200385 a 4500 |
| 001 - CONTROL NUMBER |
| control field |
3011530 |
| 003 - CONTROL NUMBER IDENTIFIER |
| control field |
BDDh-ASL |
| 005 - DATE AND TIME OF LATEST TRANSACTION |
| control field |
20231015025634.0 |
| 008 - FIXED-LENGTH DATA ELEMENTS--GENERAL INFORMATION |
| fixed length control field |
940331r19931974ii b b 001 0 eng |
| 010 ## - LIBRARY OF CONGRESS CONTROL NUMBER |
| LC control number |
93911137 |
| 020 ## - INTERNATIONAL STANDARD BOOK NUMBER |
| International Standard Book Number |
0195630874 : |
| Terms of availability |
Rs185.00 |
| 025 ## - OVERSEAS ACQUISITION NUMBER |
| Overseas acquisition number |
I-E-73169 |
| 040 ## - CATALOGING SOURCE |
| Original cataloging agency |
DLC |
| Transcribing agency |
DLC |
| Modifying agency |
BDDh-ASL |
| 042 ## - AUTHENTICATION CODE |
| Authentication code |
lcode |
| 043 ## - GEOGRAPHIC AREA CODE |
| Geographic area code |
a-ii--- |
| 050 00 - LIBRARY OF CONGRESS CALL NUMBER |
| Classification number |
HN690.G8 |
| Item number |
B74 1993 |
| 082 ## - DEWEY DECIMAL CLASSIFICATION NUMBER |
| Classification number |
306.364095475 |
| Item number |
BRB |
| 100 1# - MAIN ENTRY--PERSONAL NAME |
| Personal name |
Breman, Jan. |
| 245 10 - TITLE STATEMENT |
| Title |
Beyond patronage and exploitation : |
| Remainder of title |
changing agrarian relations in South Gujarat / |
| Statement of responsibility, etc. |
Jan Breman. |
| 260 ## - PUBLICATION, DISTRIBUTION, ETC. |
| Place of publication, distribution, etc. |
Delhi ; |
| -- |
New York : |
| Name of publisher, distributor, etc. |
Oxford University Press, |
| Date of publication, distribution, etc. |
1993. |
| 300 ## - PHYSICAL DESCRIPTION |
| Extent |
xxiv, 399 p. : |
| Other physical details |
map ; |
| Dimensions |
22 cm. |
| 500 ## - GENERAL NOTE |
| General note |
"First part is a reprint of Patronage and exploitation: changing agrarian relations in South Gujarat, which was first published by California University Press, Berkeley, in 1974"--P. 4 of cover. |
| 500 ## - GENERAL NOTE |
| General note |
Rev. ed. of: Patronage and exploitation. 1974. |
| 504 ## - BIBLIOGRAPHY, ETC. NOTE |
| Bibliography, etc. note |
Includes bibliographical references (p. [371]-386) and index. |
| 505 0# - FORMATTED CONTENTS NOTE |
| Formatted contents note |
pt. 1. Patronage and exploitation -- pt. 2. Dynamics of poverty and prosperity. |
| 650 #0 - SUBJECT ADDED ENTRY--TOPICAL TERM |
| Topical term or geographic name entry element |
Peonage |
| Geographic subdivision |
India |
| -- |
Gujarat. |
| 650 #0 - SUBJECT ADDED ENTRY--TOPICAL TERM |
| Topical term or geographic name entry element |
Agricultural laborers |
| Geographic subdivision |
India |
| -- |
Gujarat. |
| 650 #0 - SUBJECT ADDED ENTRY--TOPICAL TERM |
| Topical term or geographic name entry element |
Landlords |
| Geographic subdivision |
India |
| -- |
Gujarat. |
| 651 #0 - SUBJECT ADDED ENTRY--GEOGRAPHIC NAME |
| Geographic name |
Gujarat (India) |
| General subdivision |
Rural conditions. |
| 700 1# - ADDED ENTRY--PERSONAL NAME |
| Personal name |
Breman, Jan. |
| Title of a work |
Patronage and exploitation. |
| 856 42 - ELECTRONIC LOCATION AND ACCESS |
| Materials specified |
Publisher description |
| Uniform Resource Identifier |
<a href="http://www.loc.gov/catdir/enhancements/fy0635/93911137-d.html">http://www.loc.gov/catdir/enhancements/fy0635/93911137-d.html</a> |
| 906 ## - LOCAL DATA ELEMENT F, LDF (RLIN) |
| a |
7 |
| b |
cbc |
| c |
origode |
| d |
3 |
| e |
ncip |
| f |
19 |
| g |
y-gencatlg |
| 942 ## - ADDED ENTRY ELEMENTS (KOHA) |
| Source of classification or shelving scheme |
Dewey Decimal Classification |
| Koha item type |
Books |